Explanation of weather map.

Bibliographic Details
Corporate Author: United States. Weather Bureau
Format: Government Document eBook
Language:English
Published: Washington, D.C. : [publisher not identified, 1905]
Subjects:
Online Access:Connect to the full text of this electronic document

MARC

Tag First Indicator Second Indicator Subfields
LEADER 00000cam a22000001a 4500
001 in00003653021
005 20190408171944.0
006 m o d f
007 cr bn mmmapmmp
008 011112s1905 dcub o f000 0 eng d
035 |a ebd1909403456 
040 |a UMI  |c UMI  |d UtOrBLW 
086 0 |a A 29.2:M 32/1 
099 |a A2902-29 
245 0 0 |a Explanation of weather map. 
264 1 |a Washington, D.C. :  |b [publisher not identified,  |c 1905] 
300 |a 1 online resource (3 pages) :  |b map 
336 |a text  |b txt  |2 rdacontent 
337 |a computer  |b c  |2 rdamedia 
338 |a online resource  |b cr  |2 rdacarrier 
500 |a [For distribution at Lewis and Clark Centennial Exposition, Portland, Oreg., 1905] 
500 |a Record is based on bibliographic data in ProQuest U.S. Executive Branch Documents, 1789-1909. Reuse except for individual research requires license from ProQuest, LLC. 
533 |a Electronic reproduction.  |b [Bethesda, Md.] :  |c ProQuest,  |d 2012.  |e digital, PDF file.  |n ProQuest U.S. Executive Branch Documents, 1789-1909.  |n Mode of access: World Wide Web via ProQuest website. 
538 |a System requirements: PDF reader software. 
500 |a Electronic resource. 
650 0 |a Weather.  |0 http://id.loc.gov/authorities/subjects/sh85145843 
655 7 |a Electronic books.  |2 local 
710 1 |a United States.  |b Weather Bureau.  |0 http://id.loc.gov/authorities/names/n79049341 
776 1 8 |i Microfiche version:  |t Explanation of weather map  |o CIS US Exec MF A2902-29  |w (ProQuest)cis19043674 
856 4 0 |u http://proxy.library.tamu.edu/login?url=http://congressional.proquest.com/congressional/docview/t66.d71.a2902-29  |z Connect to the full text of this electronic document  |t 0 
999 f f |s 947497a6-4e2b-36ae-a75d-7fc06b909b8c  |i 3c58009e-ea9d-3ac8-b9d5-6f5b61349d9d  |t 0 
952 f f |a Texas A&M University  |b College Station  |c Electronic Resources  |d Available Online  |t 0  |h No information provided 
998 f f |t 0  |l Available Online